| 000 | 00449pab a2200169 454500 | ||
|---|---|---|---|
| 008 | 180718b1996 xxu||||| |||| 00| 0 eng d | ||
| 100 | _aForrest, Ray | ||
| 245 | _aCoping strategies, housing careers and households with negative equity | ||
| 260 | _c1996 | ||
| 300 | _ap.369-94 | ||
| 362 | _aJuly | ||
| 650 | _aHousing - Great Britain | ||
| 650 | _aHousing | ||
| 700 | _aKennett, Tricia | ||
| 773 | _aJournal of Social Policy | ||
| 909 | _a32585 | ||
| 999 |
_c32585 _d32585 |
||